Language Quiz

Random Language Quiz

Türkische Wörter 1-8 Quiz Stats

Quiz not verified by Sporcle

Challenge
Share
Tweet
Embed
Score 0/160 Timer 20:00
0 Plays Today
Deutsch Türkisch % Correct
der Sandkum
72.7%
allehep
72.7%
der Dorfbewohnerköylü
72.7%
schauenbakmak
63.6%
die Wandduvar
63.6%
die Hälfteyarı
63.6%
jedeher
63.6%
das Stadtzentrumşehir merkezi
63.6%
das Festbayram
54.5%
das Lichtışık
54.5%
die Schiene (Gleis)ray
54.5%
die Brillegözlük
54.5%
der Ingenieurmühendis
54.5%
die Apothekeeczane
54.5%
der Ladendükkân
54.5%
wirbiz
54.5%
die Feierbayram
54.5%
die Mietwohnungdaire
45.5%
die Gaststättelokanta
45.5%
der Gedankedüşünce
36.4%
die Zeitunggazete
36.4%
der Freunddost
36.4%
das Heftdefter
36.4%
die Freudesevinç
36.4%
ein paarbirkaç
27.3%
der Mantelmanto
27.3%
die Nachrichthaber
27.3%
die Sonnenbrillegüneş gözlüğü
27.3%
die Sacheşey
27.3%
reparierentamir etmek
27.3%
der Ringergüreşçi
18.2%
abbezahlenödemek
18.2%
erforderlichlazım
18.2%
das Glasbardak
18.2%
drinneniçinde
18.2%
der Säuglingbebek
18.2%
etwasbiraz
18.2%
die Lufthava
18.2%
sich sehnen nachözlemek
18.2%
die Zahncremediş macunu
18.2%
die Traubeüzüm
18.2%
die Güteşefkat
18.2%
Hat dir der Film gefallen?Filmi beğendin mi?
18.2%
die Blusebluz
18.2%
der Ärmelkol
18.2%
der Bekanntetanıdık
9.1%
hartsert
9.1%
kurzkısa
9.1%
die Lügeyalan
9.1%
suchenaramak
9.1%
die Vokabelsöz
9.1%
die Ziegekeçi
9.1%
der Erfolgbaşarı
9.1%
fühlenhissetmek
9.1%
Deutsch Türkisch % Correct
hingelangenvarmak
9.1%
stellenkoymak
9.1%
die Wäschereiçamaşırhane
9.1%
die Wäscheçamaşır
9.1%
das Gummilastik
9.1%
das Wortkelime
9.1%
dunkelkoyu
9.1%
die Elektrizitätelektrik
9.1%
das Glückuğur
9.1%
hochyüksek
9.1%
die Jagdav
9.1%
die Bienearı
9.1%
der Mitbürgervatandaş
9.1%
der Satzcümle
9.1%
erzählenanlatmak
9.1%
die Gassesokak
9.1%
vorherönce
9.1%
der Berufskollegemeslektaş
0%
die Buchtkörfez
0%
die Erlaubnismüsaade
0%
der Gedankefikir
0%
heftigşiddetli
0%
das Jahrhundertasır
0%
die Meinungfikir
0%
sich benehmendavranmak
0%
der Tapferkeitcesaret
0%
die Untersuchungmuayene
0%
der Vertretervekil
0%
der Zollgümrük
0%
zu vielfazla
0%
zurückweisenreddetmek
0%
das Heimyuva
0%
hörenişitmek
0%
die Neigungeğim
0%
zerrissenyırtık
0%
außerdemayrica
0%
drinneniçeride
0%
einladendavet etmek
0%
der Füllfederhalterdolmakalem
0%
die Heftigkeitşiddet
0%
hellaçık
0%
jedochfakat
0%
jenseitsöte
0%
die Lagedurum
0%
der Rasierapparattıraş makinası
0%
vermutenzannetmek
0%
verzeihenaffetmek
0%
wehenesmek
0%
zurückgeri
0%
die Übersetzungtercüme
0%
der Bräutigamgüvey
0%
engdar
0%
das Feldtarla
0%
die Hochachtungsaygı
0%
Deutsch Türkisch % Correct
die Hüttekulübe
0%
Ich möchte mich vorstellen.Kendimi tanıtmak istiyorum.
0%
die Kistesandık
0%
die Kraftkuvvet
0%
die Kraftgüç
0%
der Rückenarka
0%
die Rückseitearka
0%
schüchtern seinutangaç
0%
der Bauerçiftçi
0%
der Kanisterteneke
0%
leisealçak sesle
0%
recht habenhaklı olmak
0%
umkehrendönmek
0%
vorbereitenhazırlamak
0%
aufgeregtheyecanlı
0%
die Ausfuhrihraç
0%
fertighazır
0%
hebräischİbranice
0%
nachherigsonraki
0%
der Strumpfçorap
0%
traurigüzgün
0%
die Absichtniyet
0%
auffallengöze çarpmak
0%
druckenbasmak
0%
ebenhenüz
0%
fortfahrendevam etmek
0%
kaputtbozuk
0%
marschierenyürümek
0%
der Offiziersubay
0%
sich verspätengeç kalmak
0%
täuschenaldatmak
0%
unvernünftigakılsız
0%
andereöbür
0%
beseitigen (Problem)halletmek
0%
dannondan sonra
0%
der Deckelkapak
0%
dessenbunun
0%
der Durchfallishal
0%
erledigenhalletmek
0%
die Eroberungfetih
0%
der Fingerparmak
0%
der Golf (Meerbusen)körfez
0%
der Kerlherif
0%
die Klasse (Zug oder berufliche, soziale Position)mevki
0%
die Klasse (Schulkasse)mevki
0%
die Lagehal
0%
lösençözmek
0%
die Lösungçözüm
0%
um Entschuldigung bittenözür dilemek
0%
vermutlichgaliba
0%
zeigengöstermek
0%
der Zustandhal
0%

You're not logged in!

Compare scores with friends on all Sporcle quizzes.
Join for Free
OR
Log In

You Might Also Like...

Show Comments

Extras

Created Jul 3, 2011ReportNominate
Tags:deutsch

Top Quizzes Today


Score Distribution

Your Account Isn't Verified!

In order to create a playlist on Sporcle, you need to verify the email address you used during registration. Go to your Sporcle Settings to finish the process.

Report this User

Report this user for behavior that violates our Community Guidelines.

Details: